Представление документа в формате MARC21

ПолеНазваниеЗначение
  Тип записи a
  Библиографический уровень m
001 Контрольный номер BIBLIOCLUB\0000572786
005 Дата корректировки 20260430154825.3
006 m o d
007 Элементы данных для физической характеристики c|||||||||||||
008 Кодируемые данные s2018 rus o rus d
020 Индекс ISBN __
a ISBN 978-5-8353-2331-9
041 Код языка издания 0_
a Код языка текста rus
084 Индекс другой классификации/Индекс ББК __
a Индекс другой классификации/Индекс ББК 26.82я73
b Номер единицы LBC/PL
2 Источник индекса rubbk
245 Заглавие 10
a Заглавие Физическая география материков и океанов
b Продолж. заглавия практикум
c Ответственность авт.-сост. О. А. Брель
c Ответственность авт.-сост. Ф. Ю. Кайзер
c Ответственность Кемеровский государственный университет
260 Выходные данные __
a Место издания Кемерово
b Издательство Кемеровский государственный университет
c Дата издания 2018
300 Физическое описание __
a Объем 88 с.
b Иллюстрации/ тип воспроизводства табл.
504 Библиография __
a Библиография Библиогр. в кн.
653 Ключевые слова 1_
a Ключевые слова Учебник для высшей школы
856 Электронный адрес документа 40
3 Область применения данных поля Университетская библиотека ONLINE
u URL https://biblioclub.ru/index.php?page=book&id=572786
900 Электронные ресурсы __
a Имя электронного ресурса https://img.biblioclub.ru/sm_cover/afa65d8cee50ca331159fc73457daccabwtxeaegd1/cover.jpg